| 000 | 01626nam a22002297a 4500 | ||
|---|---|---|---|
| 999 |
_c59710 _d59710 |
||
| 003 | Ge_BSU | ||
| 005 | 20230405102702.0 | ||
| 008 | 230405s1997 ge ||||| |||| 00| 0 geo d | ||
| 037 | _aბსუ-ს საპატიო დოქტორის გურამ ლორთქიფანიძის საჩუქარი | ||
| 041 | _ageo | ||
| 080 | _a008 ჰ-21 | ||
| 100 |
_aჰაიზინგა, იოჰან _917476 |
||
| 245 |
_aHomo Ludens (კაცი მოთამაშე) : _bკულტურის თამაშში წარმოშობის შესახებ / _cიოჰან ჰაიზინგა; მთარგმნელი გია ნოდია; რედაქტორი ზეინაბ ხარაძე; მშვიდობის, დემოკრატიის და განვითარების კავკასიის ინსტიტუტი. |
||
| 264 |
_aთბილისი : _bCIPDD, _c1997. |
||
| 300 |
_a258 გვ. ; _b20 სმ. |
||
| 500 | _aპარალელური თავფურცელი გერმანულ ენაზე. | ||
| 653 | _aთამაშის ელემენტი კულტურაში | ||
| 700 |
_aნოდია, გია _eმთარგმნელი _917477 |
||
| 700 |
_aხარაძე, ზეინაბ _eრედაქტორი _917478 |
||
| 710 |
_aმშვიდობის, დემოკრატიის და განვითარების კავკასიის ინსტიტუტი. _917479 |
||
| 942 |
_2udc _cBK |
||